000 00958cam a22002657i 4500
001 19616710
005 20260429142117.0
008 170501s2016 gw 000 0 eng
035 _a19616710
906 _a7
_bcbc
_corignew
_d4
_encip
_f20
_gy-gencatlg
925 0 _aacquire
_b1 shelf copy
_xpolicy default
010 _a 2016461626
020 _a9783836505628
_q(hbk.)
040 _aDLC
_beng
_erda
_cDLC
_dDLC
050 0 0 _aMLCM 2022/42807 (N)
245 0 0 _aDadaism /
_cDietmar Elger, Uta Grosenick ( Ed.).
264 1 _aKöln :
_bTaschen,
_c[2016]
300 _a95 pages :
_bchiefly illustrations (some color) ;
_c27 cm
336 _atext
_btxt
_2rdacontent
337 _aunmediated
_bn
_2rdamedia
338 _avolume
_bnc
_2rdacarrier
700 1 _aElger, Dietmar,
_eeditor.
_915585
700 1 _aGrosenick, Uta,
_eeditor.
_914051
999 f f _iece0a1f6-1912-5a9c-93f2-29f5a43d9fc4
_s0e538851-7ff5-46ed-9322-f0a82353a41c
_c5867
_d5867